Obal - výkladná skriňa e-shopov

Obal ako spoľahlivý nástroj povedomia o značke. Boj o zákazníka a neustále skvalitňovanie ponuky a služieb. Obal v rukách marketérov. Stávka na emócie spotrebiteľov. Možnosť zaslania tovaru ako darček. Rýchlosť doručenia. Druhotné využitie obalu a recyklácia. Testovanie možnosti doručenia balíkov do...

Descrizione completa

Salvato in:
Dettagli Bibliografici
Autore principale: Křížová, Iveta
Natura: Capitolo di libro
Lingua:slovacco
Soggetti:
Tags: Aggiungi Tag
Nessun Tag, puoi essere il primo ad aggiungerne!!

MARC

LEADER 00000naa a2200000 4500
001 0247391
005 20180903095227.8
041 0 |a slo 
044 |a CZ 
245 1 0 |a Obal - výkladná skriňa e-shopov  |c Iveta Křížová 
520 |a Obal ako spoľahlivý nástroj povedomia o značke. Boj o zákazníka a neustále skvalitňovanie ponuky a služieb. Obal v rukách marketérov. Stávka na emócie spotrebiteľov. Možnosť zaslania tovaru ako darček. Rýchlosť doručenia. Druhotné využitie obalu a recyklácia. Testovanie možnosti doručenia balíkov do kufrov automobilov. 
610 2 0 |a obchod elektronický 
610 2 0 |a tovar 
610 2 0 |a obaly 
610 2 0 |a manipulácia s tovarom 
610 2 0 |a recyklácia odpadu 
610 2 0 |a značky 
100 1 |a Křížová, Iveta